INTRODUCTION TO ACTUARIAL SCIENCE (Record no. 216951)

MARC details
000 -LEADER
fixed length control field 00409nam a22001577a 4500
008 - FIXED-LENGTH DATA ELEMENTS--GENERAL INFORMATION
fixed length control field 260414b |||||||| |||| 00| 0 eng d
020 ## - INTERNATIONAL STANDARD BOOK NUMBER
International Standard Book Number 9781015858817
050 ## - LIBRARY OF CONGRESS CALL NUMBER
Classification number HG 8782 .F56
Item number C.1
100 ## - MAIN ENTRY--PERSONAL NAME
Personal name FINNEY,A.H
245 ## - TITLE STATEMENT
Title INTRODUCTION TO ACTUARIAL SCIENCE
260 ## - PUBLICATION, DISTRIBUTION, ETC.
Place of publication, distribution, etc. NEW YORK
Name of publisher, distributor, etc. AMERICAN INSTITUTE
Date of publication, distribution, etc. ( 1920 )
300 ## - PHYSICAL DESCRIPTION
Extent 100P
700 ## - ADDED ENTRY--PERSONAL NAME
Personal name FINNEY,A.H
942 ## - ADDED ENTRY ELEMENTS (KOHA)
Source of classification or shelving scheme Library of Congress Classification
Koha item type Long Loan Book
Holdings
Withdrawn status Lost status Source of classification or shelving scheme Damaged status Not for loan Collection Home library Current library Shelving location Date acquired Inventory number Total checkouts Full call number Barcode Date last seen Copy number Price effective from Koha item type
    Library of Congress Classification     Science & Technology Kisii University Library Kisii University Library On Display 04/14/2026 111908   HG 8782 .F56 A001474 04/14/2026 C.1 04/14/2026 Long Loan Book
    Library of Congress Classification     Science & Technology Kisii University Library Kisii University Library On Display 04/14/2026 111909   HG 8782 .F56 A001476 04/14/2026 C.2 04/14/2026 Long Loan Book
    Library of Congress Classification     Science & Technology Kisii University Library Kisii University Library On Display 04/14/2026 111910   HG 8782 .F56 A001478 04/14/2026 C.3 04/14/2026 Long Loan Book
    Library of Congress Classification     Science & Technology Kisii University Library Kisii University Library On Display 04/14/2026 111911   HG 8782 .F56 A001480 04/14/2026 C.4 04/14/2026 Long Loan Book